000 00547nam a2200205Ia 4500
003 GCL
008 140319s9999 xx 000 0 ara d
040 _aGCL /
_cGCL
082 0 4 _aط
_b813.088
_bهـ ب
100 1 _aهانى محمد
245 1 0 _aباعها للة /
_cهانى محمد
700 1 _aهلا حسن
300 _a16 ص
490 _aمواقف اسلامية
_v0
650 0 4 _aالاطفال
650 0 4 _aقصص الاطفال
650 0 4 _aادب الاطفال
650 0 4 _aالقصص الدينى
942 _2ddc
_cBK
999 _c51090
_d51090